• 首页
  • 本馆介绍
  • 公告通知
  • 最新文献
  • 馆藏检索
  • 电子资源
  • 读者导购
  • 参考咨询
  • 我的图书馆
  • 登录
  • 详细信息显示
  • 放入我的书架
  • 预约/预借图书
  • 作者相关作品
  • 分类相关作品
  • 丛书相关作品
  • 出版社相关作品

书目信息

  • 表格格式
  • 工作单格式
  • 卡片格式
题名:
信息论与编码
    
 
作者: 曹雪虹 , 张宗橙 编著
分册:  
出版信息: 北京   清华大学出版社  2004
页数: 233页
开本: 26cm
丛书名:
单 册:
中图分类: TN911.2
科图分类:
主题词: 信息论--高等教育--教材 , 信源编码--高等教育--教材 , 信源编码 , 信息论
电子资源:
ISBN: 7-302-08026-7
000 00932nam0 2200277 450
001 002622026
005 20070730085358.89
010    @a7-302-08026-7@dCNY23.00
100    @a20040407d2004 em y0chiy0110 ea
101 0  @achi
102    @aCN@b110000
105    @ay qz 000yy
200 1  @a信息论与编码@9xin xi lun yu bian ma@f曹雪虹,张宗橙编著
210    @a北京@c清华大学出版社@d2004
215    @a233页@d26cm
300    @a普通高等教育“十五”国家级规划教材 高等院校信息与通信工程系列教材
330    @a该教材分为7章,在介绍有关信息度量的基础上,重点讨论了无失真信源编码、限失真信源编码、信道编码和密码学中的理论知识及其实现原理。
606 0  @a信息论@x高等教育@j教材
606 0  @a信源编码@x高等教育@j教材
606 0  @a信源编码
606 0  @a信息论
690    @aTN911.2@v4
701  0 @a曹雪虹@9cao xue hong@4编著
701  0 @a张宗橙@9zhang zong cheng@4编著
801  0 @aCN@bNLC@c20070730
905    @a10447@dTN911.2@e105
    
    信息论与编码/曹雪虹,张宗橙编著.-北京:清华大学出版社,2004
    233页;26cm
    普通高等教育“十五”国家级规划教材 高等院校信息与通信工程系列教材
    
    ISBN 7-302-08026-7:CNY23.00
    该教材分为7章,在介绍有关信息度量的基础上,重点讨论了无失真信源编码、限失真信源编码、信道编码和密码学中的理论知识及其实现原理。
●
相关链接 在E读中查询图书 在五车中查询图书 在当当中查询图书 在豆瓣中查询图书


正题名:信息论与编码     索取号:TN911.2/105         预约/预借

序号 登录号 条形码 馆藏地/架位号 状态 备注
1 0788493   207884930   第二样本阅览室/ [索取号:TN911.2/105] 在馆    
唐山师范学院图书馆 欢迎您!
大连网信软件有限公司© 版权所有